000 00213nam a22000977a 4500
999 _c12361
_d12361
020 _a0-419202900
082 _a658.8
100 _aRichardson, Brian
245 _aMarketing for Architects and Engineers
942 _cBK